000 00646nas a22002177a 4500
003 IIN
005 20260529152141.0
008 260529c2023 |||gr|j| |||| 00| 0 eng d
022 _a3048-9431
022 _a3048-9431 (eISSN)
040 _aIIN
041 _aeng
245 _aInternational Journal of Evidence Based Nursing And Practices (IJEBNP)
_cedited by J. Gnanadhinahari
260 _aNoida
_bSTM Journals
_c2023
300 _aVol.1, no.1 (January-June, July-December)-
_bill.
310 _aBi-annual
_b(January-June, July-December)-
600 _xNursing
700 _aGnanadhinahari, J.
856 _u10.37591/IJEBNP
942 _cSER
_s1
999 _c1902
_d1902